000 00581cam a22002053a 4500
001 38637
003 PGUSA
005 20140828083842.0
008 120121s2012||||xxu|||||s|||||000 | eng d
040 _aPGUSA
_beng
042 _adc
100 1 _aAlbertazzi, Adolfo,
_d1865-1924
245 1 0 _aIl diavolo nell'ampolla
_h[electronic resource] /
_cAdolfo Albertazzi
260 _bProject Gutenberg,
_c2012
506 _aPublic domain in the USA.
516 _aElectronic text
830 0 _aProject Gutenberg
_v38637
856 4 0 _uhttp://www.gutenberg.org/ebooks/38637
942 _cEB
999 _c267891
_d267891